| 000 | 00599 a2200217 4500 | ||
|---|---|---|---|
| 010 | _a 98018962 | ||
| 020 | _a0136601359 | ||
| 082 | 0 | 0 | _a515 |
| 090 |
_c2499 _d2499 |
||
| 100 | 1 | _aBradley, Gerald L., | |
| 245 | 1 | 0 |
_aCalculus _cGerald L. Bradley, Karl J. Smith. |
| 250 | _a2nd ed. | ||
| 260 |
_aUpper Saddle River, N.J. : _bPrentice Hall, _cc1999. |
||
| 300 |
_axxii, 726, 90 p. : _bill. ; _c26 cm. |
||
| 500 | _aRev. ed. of: Calculus. c1995. | ||
| 500 | _aIncludes index. | ||
| 650 | 0 | _aCalculus. | |
| 700 | 1 | _aSmith, Karl J. | |
| 700 | 1 |
_aBradley, Gerald L., _d1940- |
|
| 942 |
_cBK _k515 BRA |
||
| 999 |
_c6424 _d6424 |
||